Unhinged questions with subjective answers - Statistics

General Stats
  • This quiz has been taken 10 times
  • The average score is 4 of 10
Answer Stats
Question Answer % Correct
which of these individuals is NOT in the Epstein files. Mahatma Gandhi
86%
Am I going to get banned for posting this quiz? If I get banned I leak the Epstein Files
57%
Who was the 16th president of the United States in my opinion? Alexander the Great
29%
Based on these peoples names who are you least likely to invite over for dinner Donald J. Trump
29%
Which U.S. president gave Donald Trump straight teeth Elon Musk
29%
Which of the following is a synonym for "Degenerate" Kanye West
29%
Which of these people is most likely to secretly be a serial killer Mark Cuban
29%
Which of these has the most "Dibs" on the land of palestine United States
29%
When Donald Trump said "You can't throw a brick, it's too heavy. But a can of soup, you can really put some power into that" It was? Very Wise
29%
If LeBron James had another son, he would be named? Muhammad Wembanyama James
14%
No matching quizzes found
Score Distribution
Percent of People with Each Score
Percentile by Number Answered
Your Score History
You have not taken this quiz